Llwytho...

Introduction to International Relations: Theories and Approaches

Manylion Llyfryddiaeth
Prif Awdur: Jackson, Robert
Awduron Eraill: Sorensen, Georg
Fformat: Printed Book
Iaith:Undetermined
Cyhoeddwyd: NewDelhi : Oxford University Press, 2008
Rhifyn:3 ed.
Pynciau:
LEADER 00604nam a2200169Ia 4500
008 200324s9999 xx 000 0 und d
082 |a 327  |b JAC-I 
100 |a Jackson, Robert  
245 0 |a Introduction to International Relations: Theories and Approaches 
250 |a 3 ed. 
260 |a NewDelhi :  |b Oxford University Press,  |c 2008 
300 |a 342p. 
650 |a Realism-- International Society-- Liberalism-- 
700 |a Sorensen, Georg 
942 |c BK 
999 |c 280842  |d 280842 
952 |0 0  |1 0  |4 0  |6 327_000000000000000_JACI  |7 0  |9 299388  |a SDE  |b SDE  |d 2009-05-04  |l 0  |o 327 JAC-I  |p SDE16509  |r 2020-03-27  |w 2020-03-27  |y BK